Statistics for World Capitals By Letter - H

Click here to take the quiz!

General Stats

  • This quiz has been taken 27,083 times
  • The average score is 3 of 5

Answer Stats

Country Capital City % Correct
FinlandHelsinki
85%
VietnamHanoi
84%
CubaHavana
75%
ZimbabweHarare
59%
Solomon IslandsHoniara
42%

Score Distribution

Percentile by Number Answered

Percent of People with Each Score

Your Score History

You have not taken this quiz